00777nam a2200205Ia 4500001000700000003000500007008004100012010001100053040000900064100003800073245018300111260004100294300002100335502010400356650001500460650001900475650002000494650003000514650002700544Z_4116CHAP220113s2001 xx 000 0 und d a167179 cCHAP aMeráz Alvarado, Ma. del Refugio aComparación de ecuaciones para estimar curvas de lactancia con diferente frecuencia de medición en bovinos angus, suizo y sus cruzas /cpor Ma. del Refugio Meráz Alvarado aChapingo, Méx. :bEl autor,c2001 a60 h. ; gráfs. aTesis (Maestro en Ciencias Especialista en Producción Animal) -- UACH. Departamento de Zootecnia aEcuaciones aGanado Angus  aGanado vacuno  aGanado vacunoxCría de  aGanado vacunoxCruzas